Engineering Physics: (Record no. 186500)

MARC details
000 -LEADER
fixed length control field 00652nam a22001937a 4500
005 - DATE AND TIME OF LATEST TRANSACTION
control field 20220307162246.0
010 ## - LCCN (DPL NO)
LC control number ENG-1318561
020 ## - INTERNATIONAL STANDARD BOOK NUMBER
International Standard Book Number 9789350015889
Terms of availability 191.00
035 ## - SYSTEM CONTROL NUMBER
System control number EN-115393
037 ## - SOURCE OF ACQUISITION
Source of stock number/acquisition DBAD/PUB
082 ## - DEWEY DECIMAL CLASSIFICATION NUMBER
Classification number 530.02462
Item number 1
100 ## - MAIN ENTRY--PERSONAL NAME
Personal name ADHIKESAVAN, M.
245 ## - TITLE STATEMENT
Title Engineering Physics:
Remainder of title "M Scheme"- Polytechnic Colleges/
Statement of responsibility, etc M.ADHIKESAVAN,K.SUDALAI MUTHU
260 ## - PUBLICATION, DISTRIBUTION, ETC. (IMPRINT)
Name of publisher, distributor, etc Vel Publications
Place of publication, distribution, etc Villupuram
Date of publication, distribution, etc 2018
270 ## - ADDRESS
Address 64,1st Floor ,Mari illam , Kachirayapalayam Road
City Villuparam
Postal code 606202
300 ## - PHYSICAL DESCRIPTION
Extent 71p.
Dimensions 23cm(pbk)
Other physical details Model Question Papers
700 ## - ADDED ENTRY--PERSONAL NAME
Personal name MUTHU K.SUDALAI
942 ## - ADDED ENTRY ELEMENTS (KOHA)
Source of classification or shelving scheme Dewey Decimal Classification
Item type English Books
Classification part 530.02462
Call number suffix ADH
Holdings
Withdrawn status Lost status Not for loan Collection code Home library Current library Date acquired Source of acquisition Cost, normal purchase price Full call number Barcode Copy number Cost, replacement price Koha item type
      Non-fiction Central Library Central Library 07/03/2022 DBAD/PUB 191.00 530.02462 ADH EN-115393 1 191.00 English Books

© Delhi Public Library
Hit Counter
free hit counter